Fihrist-i kitābhā-yi chāpī-i Fārsī. (Record no. 48590)
[ view plain ]
| 000 -LEADER | |
|---|---|
| fixed length control field | 00913cam a22002891 4500 |
| 001 - CONTROL NUMBER | |
| control field | ne 65002631 |
| 003 - CONTROL NUMBER IDENTIFIER | |
| control field | DLC |
| 005 - DATE AND TIME OF LATEST TRANSACTION | |
| control field | 20260227111819.0 |
| 008 - FIXED-LENGTH DATA ELEMENTS--GENERAL INFORMATION | |
| fixed length control field | 890804m19581963xx 000 0 ara |
| 010 ## - LIBRARY OF CONGRESS CONTROL NUMBER | |
| LC control number | ne 65002631 |
| 035 ## - SYSTEM CONTROL NUMBER | |
| System control number | (OCoLC)23519360 |
| 040 ## - CATALOGING SOURCE | |
| Original cataloging agency | DLC |
| Transcribing agency | MiU |
| Modifying agency | DLC |
| 050 00 - LIBRARY OF CONGRESS CALL NUMBER | |
| Classification number | Z3366 |
| Item number | .M8 |
| 100 1# - MAIN ENTRY--PERSONAL NAME | |
| Personal name | Mushār, Khānbābā, |
| Dates associated with a name | 1900 or 1901- |
| 245 10 - TITLE STATEMENT | |
| Title | Fihrist-i kitābhā-yi chāpī-i Fārsī. |
| 260 ## - PUBLICATION, DISTRIBUTION, ETC. | |
| Date of publication, distribution, etc. | [1958-63] |
| 300 ## - PHYSICAL DESCRIPTION | |
| Extent | 2 v. |
| Dimensions | 25 cm. |
| 490 1# - SERIES STATEMENT | |
| Series statement | # |
| Volume/sequential designation | 96 |
| 490 1# - SERIES STATEMENT | |
| Series statement | # |
| Volume/sequential designation | 157 56 |
| 500 ## - GENERAL NOTE | |
| General note | Added t.p.: A bibliography of books printed in Persian, compiled by Khān Bābā Moshār. |
| 505 1# - FORMATTED CONTENTS NOTE | |
| Formatted contents note | # |
| 650 #0 - SUBJECT ADDED ENTRY--TOPICAL TERM | |
| Topical term or geographic name entry element | Persian literature |
| General subdivision | Bibliography |
| 651 #0 - SUBJECT ADDED ENTRY--GEOGRAPHIC NAME | |
| Geographic name | Iran |
| General subdivision | Imprints. |
| 740 0# - ADDED ENTRY--UNCONTROLLED RELATED/ANALYTICAL TITLE | |
| Uncontrolled related/analytical title | Bibliography of books printed in Persian. |
| 830 #0 - SERIES ADDED ENTRY--UNIFORM TITLE | |
| Uniform title | Majmūʻah-ʼi Īrānʹshināsī. |
| Volume/sequential designation | 9 [etc.] |
| 830 #0 - SERIES ADDED ENTRY--UNIFORM TITLE | |
| Uniform title | Intishārāt-i Bungāh-i Tarjamah va Nashr-i Kitāb. |
| Volume/sequential designation | 56 [etc.] |
No items available.